000 00682nam a22001817a 4500
999 _c61958
_d61958
003 Ge_BSU
005 20240614161137.0
008 240614s1982 ge ||||| |||| 00| 0 geo d
041 _ageo
080 _a614.2 გ-26
100 _aგეგელაშვილი, კ.
_922443
245 _aმედიცინა, ექიმი და საზოგადოება /
_cკ. გეგელაშვილი.
264 _aთბ. :
_bსაბჭ. საქართველო,
_c1982.
300 _a101 გვ. ;
_b20 სმ.
653 _aჯანმრთელობის დაცვა
653 _aმედიცინა
942 _2udc
_cᲬᲘᲒᲜᲘ